Normal view
MARC view
- HEAT TRANSMISSION, HEAT RADIATION AND ABSORPTION HEAT TRANSMISSION
Entry Topical Term
001 - CONTROL NUMBER
- control field: 64095
003 - CONTROL NUMBER IDENTIFIER
- control field: NUST
005 - DATE AND TIME OF LATEST TRANSACTION
- control field: 20210628203224.0
008 - FIXED-LENGTH DATA ELEMENTS
- fixed length control field: 210628|| aca||aabn | a|a d
040 ## - CATALOGING SOURCE
- Original cataloging agency: NUST
- Transcribing agency: NUST
150 ## - HEADING--TOPICAL TERM
- Topical term or geographic name entry element: HEAT TRANSMISSION, HEAT RADIATION AND ABSORPTION HEAT TRANSMISSION
670 ## - SOURCE DATA FOUND
- Source citation: Work cat.: (NUST): Modest, Michael F 64094, Radiative heat transfer, 1993
